00425nam a2200181Ia 4500008004100000020001800041245002400059245002500083245001800108260001500126260001600141260000900157300001500166300002500181300001000206500000800216999001900224170705s9999 xx 000 0 und d a9780590819626 aWhat the sun sees : bwhat the moon sees / cNancy Tafuri. aNew York : bScholastic, c1997 a17 pages : bcolor illustration ; c28cm. a260 c336839d336839